000 01149nam a2200277Ia 4500
001 ebr5000495
003 CaPaEBR
006 m u
007 cr cn|||||||||
008 100921r20011798inu s 000 1 eng d
040 _aCaPaEBR
_cCaPaEBR
035 _a(OCoLC)680629019
050 1 4 _aPR4480
_b.K82 2001eb
100 1 _aColeridge, Samuel Taylor,
_d1772-1834.
245 1 0 _aKubla Khan
_h[electronic resource] :
_b1798 /
_cby Samuel Taylor Coleridge.
260 _a[South Bend, IN] :
_bInfomotions, Inc. ;
_a[Blacksburg, VA] :
_bVirginia Tech.,
_c2001.
300 _a2 p.
533 _aElectronic reproduction.
_bPalo Alto, Calif. :
_cebrary,
_d2010.
_nAvailable via World Wide Web.
_nAccess may be limited to ebrary affiliated libraries.
600 0 0 _aKublai Khan,
_d1216-1294
_xIn literature.
650 0 _aEnglish poetry
_y18th century.
655 7 _aElectronic books.
_2local
710 2 _aVirginia Polytechnic Institute and State University.
710 2 _aInfomotions, Inc.
710 2 _aebrary, Inc.
856 4 0 _uhttp://site.ebrary.com/lib/rucke/Doc?id=5000495
_zAn electronic book accessible through the World Wide Web; click to view
999 _c2846
_d2846